MARC

LEADER 00000nam0a2200000 4500
001 370523
005 20231102012305.0
035 |a (RuTPU)RU\TPU\retro\27932 
090 |a 370523 
100 |a 20220707d1978 km y0rusy50 ca 
101 0 |a rus 
102 |a RU 
105 |a y z 001zy 
200 1 |a Человек и книга. Социальные проблемы чтения  |f О. С. Чубарьян  |g Академия наук СССР 
210 |a Москва  |c Наука  |d 1978 
215 |a 112 с. 
225 1 |a Научно-популярная серия 
320 |a Примечания: с. 105-110 
606 1 |a Чтение  |x История  |2 stltpush  |3 (RuTPU)RU\TPU\subj\68274  |9 83702 
610 1 |a наука о чтении 
610 1 |a книги 
610 1 |a общество 
610 1 |a читатели 
610 1 |a библиотеки 
610 1 |a научно-популярная литература 
686 |a Ч733  |v LBC/SL-A  |2 rubbk 
700 1 |a Чубарьян  |b О. С.  |c российский библиотековед  |c д-р педагогических наук  |c профессор  |f 1908-1976  |g Оган Степанович  |2 stltpush  |3 (RuTPU)RU\TPU\pers\29567  |9 14102 
712 0 2 |a Академия наук СССР  |c (Ленинград/Москва)  |c (1925-1991)  |2 stltpush  |3 (RuTPU)RU\TPU\col\722  |9 23473 
801 1 |a RU  |b 63413507  |c 20220707 
801 2 |a RU  |b 63413507  |c 20220922  |g RCR 
942 |c BK